[Event "Tunja Boyaca op-B"]
[Site "Tunja"]
[Date "2019.08.02"]
[Round "4"]
[White "Munera Garcia, Lina Marcela"]
[Black "Morantes Maldonado, Brandon"]
[Result "0-1"]
[WhiteElo "1412"]
[BlackElo "1944"]
[PlyCount "68"]
[EventDate "2019.07.31"]
[EventType "swiss"]
[EventRounds "9"]
[EventCountry "COL"]
[SourceTitle "EXT 2020"]
[Source "ChessBase"]
[SourceDate "2019.10.17"]
[SourceVersion "1"]
[SourceVersionDate "2019.10.17"]
[SourceQuality "1"]

1. e4 c5 2. Nf3 a6 3. d4 cxd4 4. Nxd4 Nf6 5. Nc3 Qc7 6. Be2 e6 7. 0-0 Be7 8. f4 d6 9. Be3 b5 10. a3 Bb7 11. Kh1 Nbd7 12. Qd2 Nxe4 13. Nxe4 Bxe4 14. Bf3 Nf6 15. Bxe4 Nxe4 16. Qd3 Nc5 17. Qc3 Rc8 18. a4 Nxa4 19. Qxc7 Rxc7 20. b3 Nc5 21. f5 e5 22. Ne2 0-0 23. Rf3 d5 24. Rg3 Ne4 25. Rg4 Rxc2 26. Ng1 Rc3 27. Bb6 Rb8 28. Ba7 Rb7 29. Rxa6 Rxa7 30. Rxe4 Rxa6 31. Rxe5 Bc5 32. Re8+ Bf8 33. g4 Rxb3 34. Kg2 Ra2+ 0-1

[Event "Duitama Primer de la Manta Real"]
[Site "Duitama"]
[Date "2012.01.05"]
[Round "8.1"]
[White "Morantes Maldonado, Brandon"]
[Black "Nieto, Manuel Valerio Wald"]
[Result "0-1"]
[WhiteElo "1998"]
[BlackElo "1903"]
[PlyCount "104"]
[EventDate "2012.01.02"]
[EventType "tourn"]
[EventRounds "9"]
[EventCountry "COL"]
[SourceTitle "EXT 2024"]
[Source "ChessBase"]
[SourceDate "2023.10.10"]
[SourceVersion "1"]
[SourceVersionDate "2023.10.10"]
[SourceQuality "1"]

1. e4 d5 2. exd5 Qxd5 3. Nc3 Qd6 4. d4 Nf6 5. Nf3 c6 6. Bg5 Bg4 7. Be2 Nbd7 8. h3 Bh5 9. Qd2 e6 10. 0-0 Qc7 11. Rad1 Bd6 12. Rfe1 0-0 13. Kh1 h6 14. Be3 Nb6 15. Qc1 Nbd5 16. Nxd5 Nxd5 17. c4 Nf4 18. Ng1 Nxe2 19. Nxe2 Bb4 20. Bd2 Bxd2 21. Qxd2 Rad8 22. g4 Bg6 23. Qe3 Rd7 24. Nf4 Bh7 25. Ng2 Rfd8 26. d5 cxd5 27. cxd5 Rxd5 28. Rxd5 Rxd5 29. Rc1 Qd7 30. Nf4 Rd1+ 31. Rxd1 Qxd1+ 32. Kh2 Qd6 33. Kg2 Qc6+ 34. f3 Qc2+ 35. Qe2 Qxe2+ 36. Nxe2 Kf8 37. Nc3 Bd3 38. Kf2 Ke7 39. Ke3 Bf1 40. h4 Kd6 41. f4 Kc5 42. g5 Bg2 43. gxh6 gxh6 44. Ne4+ Bxe4 45. Kxe4 f6 46. f5 e5 47. h5 a5 48. a3 b5 49. b3 b4 50. a4 Kd6 51. Ke3 Kd5 52. Kd3 e4+ 0-1

[Event "Duitama Primer de la Manta Real"]
[Site "Duitama"]
[Date "2012.01.04"]
[Round "6.1"]
[White "Morantes Maldonado, Brandon"]
[Black "Abril Bernal, Jhonatan"]
[Result "1-0"]
[WhiteElo "1998"]
[BlackElo "1940"]
[PlyCount "93"]
[EventDate "2012.01.02"]
[EventType "tourn"]
[EventRounds "9"]
[EventCountry "COL"]
[SourceTitle "EXT 2024"]
[Source "ChessBase"]
[SourceDate "2023.10.10"]
[SourceVersion "1"]
[SourceVersionDate "2023.10.10"]
[SourceQuality "1"]

1. e4 e5 2. Nf3 d6 3. d4 exd4 4. Nxd4 Bd7 5. Nc3 Nc6 6. Be3 Be7 7. f3 Nf6 8. Qd2 Be6 9. Nxe6 fxe6 10. 0-0-0 Qd7 11. Bb5 a6 12. Ba4 b5 13. Bb3 Na5 14. Kb1 Nxb3 15. cxb3 e5 16. Rc1 0-0 17. g4 c5 18. Bxc5 dxc5 19. Qxd7 Nxd7 20. Nd5 Bg5 21. Rcd1 Nf6 22. Ne7+ Kh8 23. h4 Be3 24. Nf5 Bd4 25. h5 Ra7 26. g5 Ne8 27. g6 h6 28. a3 Rd7 29. Ka2 Nd6 30. Nh4 Rfd8 31. Rc1 Be3 32. Rc2 Nc8 33. Nf5 Rd2 34. Nxe3 Kg8 35. Rhc1 Kf8 36. Rxd2 Rxd2 37. Rxc5 Ne7 38. Rxe5 Nc6 39. Rf5+ Ke8 40. Rf7 Nd4 41. Rxg7 Ne2 42. b4 Nc3+ 43. Kb3 Ne2 44. Nd5 Rd4 45. Rg8+ Kd7 46. g7 Rc4 47. Nb6+ 1-0

[Event "Duitama Primer de la Manta Real"]
[Site "Duitama"]
[Date "2012.01.03"]
[Round "3.1"]
[White "Morantes Maldonado, Brandon"]
[Black "Silva Suna, Juan Esteban"]
[Result "1-0"]
[WhiteElo "1998"]
[BlackElo "1643"]
[PlyCount "131"]
[EventDate "2012.01.02"]
[EventType "tourn"]
[EventRounds "9"]
[EventCountry "COL"]
[SourceTitle "EXT 2024"]
[Source "ChessBase"]
[SourceDate "2023.10.10"]
[SourceVersion "1"]
[SourceVersionDate "2023.10.10"]
[SourceQuality "1"]

1. e4 c5 2. Nf3 e6 3. d4 cxd4 4. Nxd4 a6 5. Nc3 Qc7 6. Bd3 Nf6 7. 0-0 b5 8. Qe2 Nc6 9. Nb3 Bb7 10. Kh1 Be7 11. Bd2 0-0 12. f4 d6 13. Rae1 e5 14. fxe5 dxe5 15. Nd5 Qd6 16. Nxe7+ Qxe7 17. Bg5 Rad8 18. Bxf6 gxf6 19. Qg4+ Kh8 20. Re3 Rg8 21. Qf5 Rg6 22. Rg3 Rdg8 23. Rxg6 Rxg6 24. c3 Kg7 25. Nd2 Qd6 26. Qh3 Bc8 27. Qe3 Ne7 28. h3 Bb7 29. Nf3 Bc8 30. Ng1 Rg5 31. Ne2 Ng6 32. Bc2 h5 33. Rd1 Qc6 34. Bb3 Be6 35. Bxe6 fxe6 36. Ng3 h4 37. Ne2 Kh6 38. Qf3 a5 39. Rf1 Qc4 40. b3 Qc6 41. Rf2 a4 42. bxa4 bxa4 43. Qxf6 Qxe4 44. Qxe6 Qe3 45. Qf7 Nf4 46. Qf6+ Kh5 47. Nxf4+ exf4 48. Qxf4 Qe1+ 49. Kh2 Qxc3 50. Qf7+ Rg6 51. Rf5+ Kh6 52. Qf8+ Rg7 53. Qh8+ Rh7 54. Qxc3 Rg7 55. Qf6+ Kh7 56. Qxh4+ Kg8 57. Rg5 Rxg5 58. Qxg5+ Kf7 59. Qh6 Ke7 60. g4 Kf7 61. g5 Ke7 62. g6 Kd7 63. g7 Ke7 64. g8R Kf7 65. Rg7+ Kf8 66. Qh8# 1-0

[Event "Boyaca Region-ch qual"]
[Site "Duitama"]
[Date "2010.05.16"]
[Round "3.18"]
[White "Morantes Maldonado, Brandon"]
[Black "Abril Bernal, Cristian Andres"]
[Result "1-0"]
[WhiteElo "2019"]
[BlackElo "1286"]
[PlyCount "63"]
[EventDate "2010.05.15"]
[EventType "swiss"]
[EventRounds "6"]
[EventCountry "COL"]
[SourceTitle "EXT 2024"]
[Source "ChessBase"]
[SourceDate "2023.10.10"]
[SourceVersion "1"]
[SourceVersionDate "2023.10.10"]
[SourceQuality "1"]

1. e4 e5 2. Nf3 Nc6 3. Bb5 a6 4. Ba4 b5 5. Bb3 Nh6 6. d3 Bb4+ 7. c3 Bc5 8. Bxh6 0-0 9. Be3 d6 10. Bxc5 dxc5 11. 0-0 Bg4 12. Nbd2 b4 13. h3 Bh5 14. Re1 Qxd3 15. Nf1 Rad8 16. Qxd3 Rxd3 17. Rad1 c4 18. Bxc4 Rxd1 19. Rxd1 Rd8 20. Rxd8+ Nxd8 21. Nxe5 h6 22. cxb4 Nc6 23. Nxc6 Kf8 24. Nb8 Ke7 25. Nxa6 Kf8 26. Nxc7 Kg8 27. b5 Kf8 28. b6 Kg8 29. b7 Kh8 30. e5 Kg8 31. Bd3 Kh8 32. b8R# 1-0